Science Quiz

Random Science Quiz

IA x64 Registers Quiz Stats

 Plays Quiz not verified by Sporcle

Challenge
Share
Tweet
Embed
Score 0/73 Timer 03:00
0 Plays Today
Hint Registers % Correct
eax
100%
ebx
100%
ecx
100%
edx
100%
esp
100%
rax
75%
rbx
75%
rcx
75%
rdx
75%
rsp
75%
ebp
75%
ax
75%
bx
75%
cx
75%
dx
75%
sp
75%
al
75%
bl
75%
cl
75%
dl
75%
rip
66.7%
eip
66.7%
ip
66.7%
ah
66.7%
bh
66.7%
ch
66.7%
dh
66.7%
rbp
50%
r8
50%
r9
50%
r10
50%
r11
50%
r12
50%
r13
50%
r14
50%
r15
50%
bp
50%
Hint Registers % Correct
flags
33.3%
rsi
25%
rdi
25%
esi
25%
edi
25%
si
25%
di
25%
r8d
0%
r9d
0%
r10d
0%
r11d
0%
r12d
0%
r13d
0%
r14d
0%
r15d
0%
r8w
0%
r9w
0%
r10w
0%
r11w
0%
r12w
0%
r13w
0%
r14w
0%
r15w
0%
sil
0%
dil
0%
bpl
0%
spl
0%
r8b
0%
r9b
0%
r10b
0%
r11b
0%
r12b
0%
r13b
0%
r14b
0%
r15b
0%
rflags
0%

You're not logged in!

Compare scores with friends on all Sporcle quizzes.
Join for Free
OR
Log In

You Might Also Like...

Show Comments

Extras

Created Sep 5, 2013ReportNominate
Tags:register

Top Quizzes Today


Score Distribution

Your Account Isn't Verified!

In order to create a playlist on Sporcle, you need to verify the email address you used during registration. Go to your Sporcle Settings to finish the process.

Report this User

Report this user for behavior that violates our Community Guidelines.

Details: